La extincion de la relacion de trabajo: (Registro nro. 6540)
[ vista simple ]
| 000 -LEADER | |
|---|---|
| fixed length control field | 01595nam a22004937a 4500 |
| 003 - CONTROL NUMBER IDENTIFIER | |
| control field | OSt |
| 005 - DATE AND TIME OF LATEST TRANSACTION | |
| control field | 20260505122448.0 |
| 007 - PHYSICAL DESCRIPTION FIXED FIELD--GENERAL INFORMATION | |
| fixed length control field | ta |
| 008 - FIXED-LENGTH DATA ELEMENTS--GENERAL INFORMATION | |
| fixed length control field | 260505s2025 ag ||||| |||| 00| 0 spa d |
| 020 ## - INTERNATIONAL STANDARD BOOK NUMBER | |
| International Standard Book Number | 9789873051807 |
| 040 ## - CATALOGING SOURCE | |
| Transcribing agency | cj catamarca |
| 082 ## - DEWEY DECIMAL CLASSIFICATION NUMBER | |
| Classification number | 331.106.4 Ac182e |
| 100 #0 - MAIN ENTRY--PERSONAL NAME | |
| 9 (RLIN) | 5 |
| Personal name | Ackerman, Mario E. |
| 245 13 - TITLE STATEMENT | |
| Title | La extincion de la relacion de trabajo: |
| Remainder of title | Segunda edicion ampliada y actualizada con las reformas producidas por el DNU 70/2023 y la Ley 27.742 |
| 250 ## - EDITION STATEMENT | |
| Edition statement | 2º ed. |
| 260 ## - PUBLICATION, DISTRIBUTION, ETC. | |
| Place of publication, distribution, etc. | Santa Fe: |
| Name of publisher, distributor, etc. | Rubinzal Culzoni, |
| Date of publication, distribution, etc. | 2025 |
| 300 ## - PHYSICAL DESCRIPTION | |
| Extent | V.2, 568 p. |
| Dimensions | 23 cm |
| 500 ## - GENERAL NOTE | |
| General note | INVENTARIO Nº 8170 |
| 650 #7 - SUBJECT ADDED ENTRY--TOPICAL TERM | |
| Source of heading or term | SAIJ |
| 653 ## - INDEX TERM--UNCONTROLLED | |
| Uncontrolled term | DERECHO LABORAL |
| 653 ## - INDEX TERM--UNCONTROLLED | |
| Uncontrolled term | CONTRATO DE TRABAJO |
| 653 ## - INDEX TERM--UNCONTROLLED | |
| Uncontrolled term | EXTINCION DE TRABAJO |
| 653 ## - INDEX TERM--UNCONTROLLED | |
| Uncontrolled term | EXTINCION-FUERZA MAYOR |
| 653 ## - INDEX TERM--UNCONTROLLED | |
| Uncontrolled term | EXTINCION-CONTRATO-QUIEBRA |
| 653 ## - INDEX TERM--UNCONTROLLED | |
| Uncontrolled term | EXTINCION-CONTRATO-CONCURSO PREVENTIVO |
| 653 ## - INDEX TERM--UNCONTROLLED | |
| Uncontrolled term | EXTINCION-MUERTE-EMPLEADOR |
| 653 ## - INDEX TERM--UNCONTROLLED | |
| Uncontrolled term | EXTINCION-INCAPACIDAD-EMPLEADOR |
| 653 ## - INDEX TERM--UNCONTROLLED | |
| Uncontrolled term | EXTINCION-INHABILITACION-EMPLEADOR |
| 653 ## - INDEX TERM--UNCONTROLLED | |
| Uncontrolled term | INDEMNIZACIONES |
| 653 ## - INDEX TERM--UNCONTROLLED | |
| Uncontrolled term | INDEMNIZACIONES-ANTIGUEDAD |
| 653 ## - INDEX TERM--UNCONTROLLED | |
| Uncontrolled term | INDEMNIZACION ESPECIAL |
| 653 ## - INDEX TERM--UNCONTROLLED | |
| Uncontrolled term | DESPIDO-MATERNIDAD |
| 653 ## - INDEX TERM--UNCONTROLLED | |
| Uncontrolled term | DESPIDO-MATRIMONIO |
| 653 ## - INDEX TERM--UNCONTROLLED | |
| Uncontrolled term | DESPIDO-SINDICAL |
| 653 ## - INDEX TERM--UNCONTROLLED | |
| Uncontrolled term | REGISTRACION IRREGULAR |
| 653 ## - INDEX TERM--UNCONTROLLED | |
| Uncontrolled term | TRABAJO NO REGISTRADO |
| 653 ## - INDEX TERM--UNCONTROLLED | |
| Uncontrolled term | CERTIFICACION DE TRABAJO |
| 653 ## - INDEX TERM--UNCONTROLLED | |
| Uncontrolled term | EXTINCION-EMERGENCIA |
| 653 ## - INDEX TERM--UNCONTROLLED | |
| Uncontrolled term | DNU 34/2019 |
| 653 ## - INDEX TERM--UNCONTROLLED | |
| Uncontrolled term | DNU 39/2021 |
| 653 ## - INDEX TERM--UNCONTROLLED | |
| Uncontrolled term | EXTINCION-COVID-19 |
| 856 ## - ELECTRONIC LOCATION AND ACCESS | |
| Uniform Resource Identifier | <a href="https://drive.google.com/file/d/1PaIsmSFeozO2gYI6KYx8-S5GWhk2Xp9U/view?usp=sharing">https://drive.google.com/file/d/1PaIsmSFeozO2gYI6KYx8-S5GWhk2Xp9U/view?usp=sharing</a> |
| 942 ## - ADDED ENTRY ELEMENTS (KOHA) | |
| Source of classification or shelving scheme | Dewey Decimal Classification |
| Koha item type | Book |
| Suppress in OPAC | No |
| Withdrawn status | Lost status | Source of classification or shelving scheme | Damaged status | Not for loan | Home library | Current library | Date acquired | Source of acquisition | Total Checkouts | Full call number | Barcode | Date last seen | Price effective from | Koha item type |
|---|---|---|---|---|---|---|---|---|---|---|---|---|---|---|
| Dewey Decimal Classification | PJCB | PJCB | 05/05/2026 | Compra | 331.106.4 Ac182e | 8170 | 05/05/2026 | 05/05/2026 | Book |

